000 00834cam a2200229 a 4500
020 _a0787942936 (hard : alk. paper)
040 _cDLC
082 0 0 _a658 JOS 2000 A047 Or.
100 2 _aTyler Scott, Katherine,
245 1 0 _aCreating caring and capable boards :
_breclaiming the passion for active trusteeship /
246 3 0 _aReclaiming the passion for active trusteeship
250 _a1st ed.
260 _aSan Francisco, Calif. :
_bJossey-Bass,
_cc2000.
300 _axix, 199 p. :
_bill. ;
_c24 cm.
650 0 _aNonprofit organizations
650 0 _aLeadership.
650 0 _aTrusts and trustees.
856 4 2 _uhttp://www.loc.gov/catdir/bios/wiley043/99050817.html
856 4 2 _uhttp://www.loc.gov/catdir/description/wiley035/99050817.html
856 4 _uhttp://www.loc.gov/catdir/toc/onix06/99050817.html
942 _cEK
999 _c13523
_d13523